Normal view
MARC view
- Autobiographical fiction.
Entry Genre/Form Term
001 - CONTROL NUMBER
- control field: 11794
003 - CONTROL NUMBER IDENTIFIER
- control field: NUST
005 - DATE AND TIME OF LATEST TRANSACTION
- control field: 20180718063318.0
008 - FIXED-LENGTH DATA ELEMENTS
- fixed length control field: 180718|| aca||aabn | a|a d
040 ## - CATALOGING SOURCE
- Original cataloging agency: NUST
- Transcribing agency: NUST
155 ## - HEADING--GENRE/FORM TERM
- Genre/form term: Autobiographical fiction.
670 ## - SOURCE DATA FOUND
- Source citation: Work cat.: (NUST)173269: Brontë, Anne, 1820-1849. 11790, Agnes Grey /, 1998.
